000 00968nmm a2200301 a 4500
001 ocm0001864603
003 TR-IsHL
005 20201028171720.0
008 180330s2017 tu tur
007 cr cn
020 _a9786051510026
035 _a1864603
_b(N$T)
050 0 4 _aQH541.
_bS26 2017
090 0 4 _aQH541.
_bS26 2017
100 1 _aŞamcı, Erkan
245 1 0 _aEkolojik temizliğin kitabı
_h[electronic resource] /
_cErkan Şamcı ; editör Erol Şahnacı
260 _aİstanbul :
_bHayat Yayınları,
_c2017
300 _a241 p.
650 4 _aMühendislik ve Teknoloji
650 4 _aEngineering and Technology
650 0 _aEkoloji
650 0 _aEcology
650 0 _aÇevre koruma
650 0 _aEnvironmental protection
650 7 _aNATURE / Environmental Conservation & Protection
_2bisacsh
700 1 _aŞahnacı, Erol
856 4 0 _uhttp://search.ebscohost.com/login.aspx?direct=true&scope=site&db=e011xww&AN=1864603
999 _c16841
_d16841